[Event "Yerevan ol (Men)"]
[Site "Yerevan"]
[Date "1996.??.??"]
[Round "6"]
[White "Olafsson, Helgi"]
[Black "Benjamin, Joel"]
[Result "0-1"]
[WhiteElo "2500"]
[BlackElo "2565"]

1.d4 d6 2.e4 Nf6 3.Nc3 g6 4.f4 Bg7 5.Nf3 O-O 6.Be3 Nc6 7.Be2 e6 8.Qd2 Ne7
9.e5 Nfd5 10.Nxd5 Nxd5 11.Bf2 Bh6 12.g3 b6 13.h4 dxe5 14.dxe5 Bb7 15.h5 Nxf4
16.gxf4 Qxd2+ 17.Kxd2 Bxf4+ 18.Be3 Rad8+ 19.Bd3 Bxf3 20.Bxf4 Bxh1 21.Rxh1 Rd5
22.c4 Rd4 23.Bg5 f5 24.hxg6 hxg6 25.Ke3 c5 26.Bf6 Rxf6 27.exf6 a5 28.a3 e5
29.Be2 Kf7 30.b4 axb4 31.axb4 cxb4 32.Rb1 Kxf6 33.Rxb4 Rd6 34.Rb5 e4 35.Bf1 Ke6
36.Bg2 Rd3+ 37.Kf4 g5+ 38.Kxg5 Rg3+ 39.Kf4 Rg4+ 40.Ke3 Rxg2 41.Rxb6+ Ke5
42.Rb5+ Kf6 43.Rb6+ Kg5 44.c5 Rc2 45.Kd4 Kf4 46.Rb1 e3 47.c6 Rxc6 48.Rf1+ Kg3
49.Kxe3 Re6+  0-1

[Event "Yerevan ol (Men)"]
[Site "Yerevan"]
[Date "1996.??.??"]
[Round "8"]
[White "Huzman, Alexander"]
[Black "Benjamin, Joel"]
[Result "1/2-1/2"]
[WhiteElo "2575"]
[BlackElo "2565"]

1.Nf3 d6 2.d4 Bg4 3.c4 Nd7 4.e4 Bxf3 5.Qxf3 g6 6.Qd1 Bg7 7.Nc3 c5 8.Be3 Qb6
9.Na4 Qa5+ 10.Bd2 Qa6 11.d5 Ngf6 12.Nc3 O-O 13.Be2 e6 14.O-O exd5 15.exd5 Rae8
16.Qc2 Re7 17.Rfe1 Rfe8 18.Bf1 Ne5 19.a4 Qb6 20.h3 Nh5 21.Be2 Nf6 22.a5 Qd8
23.a6 bxa6 24.Bf1 Qb6 25.Reb1 Ned7 26.Bd3 Ne5 27.Bf1 Ned7 28.Bd3 Ne5  1/2-1/2

[Event "Yerevan ol (Men)"]
[Site "Yerevan"]
[Date "1996.??.??"]
[Round "11"]
[White "Pcola, Pavel"]
[Black "Benjamin, Joel"]
[Result "1/2-1/2"]
[WhiteElo "2450"]
[BlackElo "2565"]

1.d4 Nf6 2.c4 e6 3.Nf3 Bb4+ 4.Bd2 a5 5.a3 Bxd2+ 6.Qxd2 d6 7.Nc3 Nbd7 8.g3 O-O
9.Bg2 e5 10.O-O exd4 11.Qxd4 Nc5 12.Rad1 Re8 13.b4 axb4 14.axb4 Na4 15.Rfe1 Bd7
16.Ng5 Nxc3 17.Qxc3 h6 18.Nf3 Ra2 19.Nd4 c6 20.Ra1 Rxa1 21.Rxa1 Ne4 22.Qd3 Nf6
23.Nc2 Be6 24.Ne3 Ng4 25.Nxg4 Bxg4 26.e3 Be6 27.Qe4  1/2-1/2

[Event "Yerevan ol (Men)"]
[Site "Yerevan"]
[Date "1996.??.??"]
[Round "14"]
[White "Benjamin, Joel"]
[Black "Zaichik, Gennadi"]
[Result "1/2-1/2"]
[WhiteElo "2565"]
[BlackElo "2550"]

1.e4 e5 2.Nf3 d6 3.Bc4 Be7 4.d4 exd4 5.Nxd4 Nf6 6.Nc3 O-O 7.Nde2 c6 8.a4 Nxe4
9.Nxe4 d5 10.Bxd5 cxd5 11.N4c3 Be6 12.O-O Nc6 13.Be3 Rc8 14.Nd4 Bd6 15.Qh5 Ne5
16.h3 Nc4 17.Bc1 Be5 18.Nce2 g6 19.Qf3 Bg7 20.c3 Qd7 21.Rd1 Rfe8 22.Nf4 Rcd8
23.Nd3 h6 24.Qg3 Kh7 25.Bf4 Rc8 26.b3 Na5 27.Ne5 Qe7 28.Re1 Qf6 29.h4 Bf5
30.Re3 Nc6 31.Rae1 Nxd4 32.cxd4 Re6 33.Nf3 Rxe3 34.Rxe3 Be6 35.Be5 Qf5 36.Bxg7 Kxg7
37.Kh2 Rc2 38.a5 Kh7 39.Re5 Qf6 40.Re3 Qf5 41.Re5 Qf6 42.h5 gxh5 43.Rxh5 Qg6
44.Ng5+ Kg7 45.Qe5+ Qf6 46.Nxe6+ fxe6 47.Qxf6+ Kxf6 48.Rxh6+ Kf5 49.Rh7 Ke4
50.Rxb7 Rxf2 51.Rxa7 Kxd4 52.a6 Ra2 53.Ra8 e5 54.b4 e4 55.b5 e3 56.Re8 Kc5
57.Rxe3 Kxb5 58.Re6 d4 59.Kg3 Kc4 60.Kf3 Kd5 61.Rg6 Ke5 62.g4 Ra3+ 63.Ke2 Ke4
64.Re6+ Kf4 65.Rg6 Ke4 66.Kd2 Ra2+ 67.Ke1 d3 68.Rd6 Ke5 69.Rxd3  1/2-1/2

[Event "USA-ch f"]
[Site "Chandler"]
[Date "1997.09.07"]
[Round "1"]
[White "Benjamin, Joel"]
[Black "Christiansen, Larry Mark"]
[Result "1-0"]
[WhiteElo "2580"]
[BlackElo "2550"]

1.d4 d5 2.c4 c6 3.Nf3 Nf6 4.e3 Bf5 5.cxd5 cxd5 6.Qb3 Qc8 7.Bd2 Nc6 8.Bb5 e6
9.O-O Bd6 10.Bb4 Qc7 11.Qa3 Bxb4 12.Qxb4 Qe7 13.Bxc6+ bxc6 14.Qxe7+ Kxe7
15.Ne5 Rhc8 16.Rc1 Nd7 17.Nxc6+ Kd6 18.Na3 a6 19.Na5 Rab8 20.Nb3 Rxc1+ 21.Rxc1 a5
22.Nxa5 g5 23.Rc3 g4 24.Rb3 Ra8 25.Nb5+ Ke7 26.Ra3 Kf6 27.Nc6 Rc8 28.Rc3 Ra8
29.a3 h5 30.b3 h4 31.a4 h3 32.Nd6 Bg6 33.g3 Ra6 34.a5 Nb6 35.Ne8+ Kg5 36.Nc7 Nc4
37.Nxa6 Nd2 38.Ne5 f6 39.Nxg6  1-0

[Event "USA-ch f"]
[Site "Chandler"]
[Date "1997.09.08"]
[Round "2"]
[White "Christiansen, Larry Mark"]
[Black "Benjamin, Joel"]
[Result "1-0"]
[WhiteElo "2550"]
[BlackElo "2580"]

1.d4 d5 2.c4 dxc4 3.e4 Nc6 4.Be3 Nf6 5.f3 e5 6.d5 Ne7 7.Bxc4 a6 8.Ne2 Ng6
9.O-O Bd6 10.Qd2 Qe7 11.Bb3 Bd7 12.Nbc3 O-O 13.Ng3 Rfd8 14.Kh1 Bc5 15.Rfe1 Bxe3
16.Qxe3 Ne8 17.Nf5 Qf8 18.Rac1 Nd6 19.Nxd6 Qxd6 20.Red1 Rdc8 21.Rd2 b5 22.Nd1 a5
23.Nf2 h5 24.Nd3 Rab8 25.a3 h4 26.g3 hxg3 27.hxg3 Kf8 28.Kg2 Ke7 29.Nc5 Bh3+
30.Kf2 Qf6 31.Nd3 Qb6 32.Rdc2 Bd7 33.Rxc7 Qxe3+ 34.Kxe3 Kd6 35.Rxc8 Rxc8
36.Rh1 Rh8 37.Rxh8 Nxh8 38.f4 f6 39.Bd1 Ng6 40.b4 axb4 41.axb4 Nf8 42.Be2 Be8
43.Nf2 Ke7 44.fxe5 fxe5 45.Nd1  1-0

[Event "USA-ch f"]
[Site "Chandler"]
[Date "1997.09.10"]
[Round "4"]
[White "Christiansen, Larry Mark"]
[Black "Benjamin, Joel"]
[Result "0-1"]
[WhiteElo "2550"]
[BlackElo "2580"]

1.d4 d6 2.e4 Nf6 3.Nc3 g6 4.Nf3 Bg7 5.Bf4 O-O 6.Qd2 Bg4 7.O-O-O c6 8.Bh6 Qa5
9.Kb1 Nbd7 10.Be2 e5 11.Bxg7 Kxg7 12.h3 Bxf3 13.Bxf3 b5 14.g4 Nb6 15.h4 Nc4
16.Qc1 Rab8 17.dxe5 dxe5 18.h5 Ng8 19.hxg6 hxg6 20.Be2 Rfd8 21.Bxc4 bxc4
22.Rxd8 Qxd8 23.f4 Qd4 24.Ka1 exf4 25.Qxf4 Re8 26.a3 Qe5 27.Qe3 Re7 28.g5 a5
29.Ka2 Re6 30.Rh4 Re8 31.Rh1 Ne7 32.Rf1 Nf5 33.Qf2 Nd6 34.Qf6+ Qxf6 35.Rxf6 Nxe4
36.Nxe4 Rxe4 37.Rxc6 Re5 38.Rxc4 Rxg5 39.b4 axb4 40.axb4 f5 41.b5 f4 42.Rc7+ Kf6
43.b6 Ra5+ 44.Kb3 Rb5+ 45.Kc4 Rxb6 46.Kd4 Kf5 47.Kd3 Re6 48.Rf7+ Kg4 49.c4 f3
50.c5 Kg3  0-1

[Event "USA-ch f"]
[Site "Chandler"]
[Date "1997.09.11"]
[Round "5"]
[White "Benjamin, Joel"]
[Black "Christiansen, Larry Mark"]
[Result "1/2-1/2"]
[WhiteElo "2580"]
[BlackElo "2550"]

1.e4 e5 2.Nf3 d6 3.d4 Nf6 4.Nc3 Nbd7 5.Bc4 Be7 6.O-O O-O 7.Re1 c6 8.a4 Qc7
9.h3 b6 10.d5 Bb7 11.dxc6 Bxc6 12.Bg5 Bxe4 13.Rxe4 Nxe4 14.Nxe4 Qxc4 15.Bxe7 Qxe4
16.Qxd6 Nc5 17.Bxf8 Rxf8 18.Qd2 f6 19.a5 b5 20.Rd1 a6 21.Qc3 Qc4  1/2-1/2

[Event "USA-ch f"]
[Site "Chandler"]
[Date "1997.09.12"]
[Round "6"]
[White "Christiansen, Larry Mark"]
[Black "Benjamin, Joel"]
[Result "1/2-1/2"]
[WhiteElo "2550"]
[BlackElo "2580"]

1.d4 Nf6 2.c4 e6 3.Nc3 Bb4 4.e3 O-O 5.Ne2 d5 6.a3 Be7 7.Nf4 c6 8.Bd3 dxc4
9.Bxc4 Nbd7 10.Nd3 c5 11.Ba2 b6 12.O-O Bb7 13.Qe2 Qc7 14.Bd2 Rac8 15.Rad1 Qb8
16.f4 Ba6 17.Be1 Rfd8 18.Qf3 cxd4 19.exd4 Nf8 20.Bf2 Bxa3 21.f5 Bxd3 22.Rxd3 Bxb2
23.Ne4 Nxe4 24.Qxe4 Qd6 25.Bh4 Re8 26.Bg3 Qd7 27.f6 gxf6 28.Bh4 f5 29.Qe3 Ng6
30.Bf6 f4 31.Qh3 Qd6 32.Qh6 Qf8 33.Qh5 Rc3 34.Bb1 Rxd3 35.Bxd3 Qd6 36.Bxg6  1/2-1/2

[Event "WchT 4th"]
[Site "Luzern"]
[Date "1997.10.27"]
[Round "3"]
[White "Adams, Michael"]
[Black "Benjamin, Joel"]
[Result "1-0"]
[WhiteElo "2680"]
[BlackElo "2580"]

1.e4 e5 2.Nf3 Nc6 3.Bb5 a6 4.Ba4 Nf6 5.O-O Bc5 6.c3 b5 7.Bc2 d6 8.a4 Bg4
9.d3 O-O 10.Nbd2 b4 11.h3 Bh5 12.a5 Rb8 13.Re1 Qc8 14.Nf1 b3 15.Bb1 Rb5 16.Ng3 Bg6
17.d4 exd4 18.cxd4 Bb4 19.Bd2 Rxa5 20.Rxa5 Bxa5 21.d5 Bxd2 22.Nxd2 Nd4 23.Nxb3 Nxb3
24.Qxb3 h5 25.e5 dxe5 26.Bxg6 fxg6 27.Rxe5 Kh7 28.Qd3 Re8 29.f4 Qd7 30.Ne4 Rxe5
31.fxe5 Nxd5 32.Ng5+ Kh6 33.e6 Qc6 34.Qd2 Qc5+ 35.Kh1 Qc4 36.Nf3+ Kh7 37.h4 c6
38.Qe1 Ne7 39.Qe5 Qc1+ 40.Kh2  1-0

[Event "WchT 4th"]
[Site "Luzern"]
[Date "1997.10.29"]
[Round "5"]
[White "Benjamin, Joel"]
[Black "Nogueiras, Jesus"]
[Result "1/2-1/2"]
[WhiteElo "2580"]
[BlackElo "2535"]

1.e4 e6 2.d4 d5 3.e5 c5 4.c3 Qb6 5.Nf3 Bd7 6.Be2 Bb5 7.c4 Bxc4 8.Bxc4 dxc4
9.d5 Ne7 10.dxe6 fxe6 11.O-O Nf5 12.Na3 Be7 13.Nxc4 Qa6 14.b3 O-O 15.Bg5 Nc6
16.Qd7 Nb8 17.Qd3 Nc6 18.Bxe7 Ncxe7 19.Rad1 Nd5 20.Ng5 Nf4 21.Qe4 h6 22.Qxf4 Nd4
23.Qg4 hxg5 24.Rd2 Rf5 25.Re1 Raf8 26.h3 b5 27.Nd6 Qa5 28.Qd1 Rf4 29.Re3 Nf5
30.Nxf5 R4xf5 31.Rc2 c4 32.bxc4 bxc4 33.Qd6 Qb6 34.Rxc4 Rxf2 35.Qxb6 axb6
36.a4 R2f4 37.Rc6 Rxa4 38.Rxb6 Kf7 39.Rg3 g4 40.hxg4 Re4 41.Rf3+ Kg8 42.Rxe6 Rxg4
43.Re3 Rff4 44.Rd6 Re4 45.Rdd3 Rxe3 46.Rxe3 Kf7 47.Kf2 Ke6 48.Kf3 Rg5  1/2-1/2

[Event "WchT 4th"]
[Site "Luzern"]
[Date "1997.11.02"]
[Round "9"]
[White "Kotsur, Pavel"]
[Black "Benjamin, Joel"]
[Result "1/2-1/2"]
[WhiteElo "2500"]
[BlackElo "2580"]

1.e4 e5 2.Nf3 Nc6 3.d4 exd4 4.Nxd4 Bc5 5.Be3 Qf6 6.c3 Nge7 7.Bc4 Ne5 8.Be2 Qg6
9.O-O d6 10.Bh5 Qxe4 11.Nd2 Qd3 12.Be2 Qg6 13.Bh5 Qd3 14.Be2 Qg6 15.Bh5 Qd3  1/2-1/2

[Event "WchT 4th"]
[Site "Luzern"]
[Date "1997.??.??"]
[Round "2"]
[White "Benjamin, Joel"]
[Black "Kozul, Zdenko"]
[Result "0-1"]
[WhiteElo "2580"]
[BlackElo "2605"]

1.e4 c5 2.Nf3 Nc6 3.d4 cxd4 4.Nxd4 Nf6 5.Nc3 d6 6.Bg5 e6 7.Qd2 a6 8.O-O-O Bd7
9.f4 b5 10.Bxf6 gxf6 11.Kb1 Qb6 12.Nxc6 Bxc6 13.Qe1 Ra7 14.f5 Qc5 15.Bd3 a5
16.Ne2 Bh6 17.Rf1 e5 18.Ng3 Ke7 19.Rf3 Rg8 20.Qe2 a4 21.c3 a3 22.b3 Bf4 23.Nh5 Bh6
24.Bc2 Rc7 25.Rh3 Bg5 26.Rhd3 Rgc8 27.Qe1 Ba8 28.h4 Bh6 29.g4 Bf4 30.Qe2 h6
31.Qf3 Qxc3 32.Rxc3 Rxc3 33.Qf1 Rxc2 34.Nxf4 Rb2+ 35.Ka1 Rcc2 36.Nd3 Rxa2+
37.Kb1 Bxe4 38.Qg1 Rcb2+  0-1

[Event "WchT 4th"]
[Site "Luzern"]
[Date "1997.??.??"]
[Round "7"]
[White "Benjamin, Joel"]
[Black "Gallagher, Joseph G"]
[Result "1-0"]
[WhiteElo "2580"]
[BlackElo "2525"]

1.e4 c5 2.c3 Nf6 3.e5 Nd5 4.Nf3 Nc6 5.Bc4 Nb6 6.Bb3 c4 7.Bc2 Qc7 8.Qe2 g5
9.Nxg5 Qxe5 10.d4 cxd3 11.Bxd3 Qxe2+ 12.Bxe2 h6 13.Nf3 Bg7 14.Na3 d5 15.Be3 Bg4
16.Nb5 O-O 17.O-O-O e6 18.h3 Bxf3 19.gxf3 Nc4 20.Bxc4 dxc4 21.Rhg1 Kh7 22.Rd7 Rad8
23.Rxb7 Rb8 24.Rxb8 Rxb8 25.Nd6 Ne5 26.Kc2 Nxf3 27.Rd1 Kg6 28.Nxc4 Rb7 29.b4 Ng5
30.Nd6 Rc7 31.c4 Be5 32.c5 a5 33.Nc4 Bf6 34.b5 Ne4 35.b6 Rc8 36.b7 Rb8 37.c6  1-0

[Event "WchT 4th"]
[Site "Luzern"]
[Date "1997.??.??"]
[Round "8"]
[White "Svidler, Peter"]
[Black "Benjamin, Joel"]
[Result "0-1"]
[WhiteElo "2660"]
[BlackElo "2580"]

1.e4 e5 2.Nf3 Nc6 3.Bb5 a6 4.Ba4 Nf6 5.O-O Bc5 6.c3 b5 7.Bc2 d6 8.a4 Bg4
9.h3 Bh5 10.b4 Bb6 11.axb5 axb5 12.Rxa8 Qxa8 13.Na3 Nd8 14.Nxb5 Nxe4 15.d4 O-O
16.dxe5 dxe5 17.Qe2 f5 18.Kh2 c6 19.Na3 Bc7 20.g4 Bf7 21.Bxe4 fxe4 22.Ng5 Bg6
23.Qc4+ Kh8 24.Nxe4 Ne6 25.f3 Nf4 26.Bxf4 Rxf4 27.Nb1 Bb6 28.Nbd2 Rf8 29.Kg2 Be3
30.Qe2 Bf4 31.Nb3 Bxe4 32.fxe4 Qa3 33.Qc2 Qa6 34.Nc5 Qc4 35.Qd3 Qg8 36.Qd7 Rd8
37.Qe6 Rd2+ 38.Rf2 Qd8 39.Nb3 Rd3 40.Rf3 Rxf3 41.Kxf3 Qd3+ 42.Kf2 Qe3+ 43.Kf1 Qf3+
44.Ke1 Qxc3+ 45.Kf2 Qe3+ 46.Kf1 Qf3+ 47.Ke1 Qg3+ 48.Ke2 Qe3+ 49.Kf1 Qxh3+
50.Kf2 Qg3+ 51.Kf1 Qd3+ 52.Kf2 Qe3+ 53.Kf1 Qf3+ 54.Ke1 Qxe4+ 55.Kf1 Qf3+
56.Ke1 Qe3+ 57.Kf1 Qd3+ 58.Kf2 Be3+ 59.Ke1 h6 60.Qc8+ Kh7 61.Qf5+ Qxf5 62.gxf5 Kg8
63.Na5 Kf7 64.Ke2 Bb6 65.Kd3 Kf6 66.Ke4 c5 67.Nc6 c4 68.b5 c3 69.Nb4 Ba5
70.Nd5+ Kg5 71.Kd3 e4+ 72.Kc2 Kxf5 73.b6 Bxb6 74.Nxb6 h5 75.Nd5 h4 76.Kxc3 h3
77.Ne3+ Kf4 78.Nf1 g5  0-1

[Event "New York op"]
[Site "New York"]
[Date "1997.??.??"]
[Round "?"]
[White "Kreiman, Boris"]
[Black "Benjamin, Joel"]
[Result "0-1"]
[WhiteElo "2515"]
[BlackElo "2555"]

1.e4 c5 2.Nf3 e6 3.Nc3 Nc6 4.g3 Nf6 5.Bg2 a6 6.O-O d6 7.d4 cxd4 8.Nxd4 Qc7
9.Nce2 Nxd4 10.Nxd4 Be7 11.b3 O-O 12.Bb2 Bd7 13.c4 Rab8 14.Rc1 Rfc8 15.Qd2 Qc5
16.Rfd1 Qh5 17.h3 Qg6 18.Qe2 Rd8 19.Nf5 exf5 20.exf5 Bxf5 21.Qxe7 Rd7 22.Qe3 Re8
23.Qf4 Nh5 24.Qd4 Be4 25.Re1 f5 26.Bxe4 fxe4 27.Kh2 Rf7 28.Rc2 e3 29.Ree2 Rxf2+  0-1

[Event "New York op"]
[Site "New York"]
[Date "1997.??.??"]
[Round "?"]
[White "Benjamin, Joel"]
[Black "Aleksandrov, Aleksej"]
[Result "1/2-1/2"]
[WhiteElo "2555"]
[BlackElo "2615"]

1.d4 Nf6 2.c4 e6 3.Nf3 Bb4+ 4.Bd2 a5 5.g3 d5 6.Qc2 c6 7.Bg2 b6 8.O-O Ba6
9.Bxb4 axb4 10.Nbd2 O-O 11.Rfe1 Nbd7 12.e4 Nxe4 13.Nxe4 dxe4 14.Rxe4 Bb7
15.c5 bxc5 16.Rh4 h6 17.dxc5 Qa5 18.Qc4 Rfb8 19.Qxb4 Qxc5 20.Rc4 Qf8 21.Qxf8+ Kxf8
22.Rb4 Ra7 23.Nd2 Ke7 24.Nc4 c5 25.Rxb7 Rbxb7 26.Bxb7 Rxb7 27.b3 Nb8 28.Rc1 Na6
29.Ne3 f5 30.Kf1 g5 31.Ke2 Kf6 32.Rc4 Rd7 33.a3 Rb7 34.Rc3 h5 35.Kd3 f4 36.Nc4 Rd7+
37.Kc2 Kf5 38.Rd3 Rd5 39.Nd2 Re5 40.Nc4 Re2+ 41.Rd2 Re1 42.Rd1 Rxd1 43.Kxd1 fxg3
44.fxg3 Kg4 45.Ke2 Kh3 46.Kf2 Kxh2 47.Ne5 Kh3 48.Nf7 Kg4 49.Nh6+ Kh3 50.Nf7 Kg4
51.Nh6+  1/2-1/2

[Event "New York op"]
[Site "New York"]
[Date "1997.??.??"]
[Round "?"]
[White "Benjamin, Joel"]
[Black "Azmaiparashvili, Zurab"]
[Result "1/2-1/2"]
[WhiteElo "2555"]
[BlackElo "2650"]

1.d4 Nf6 2.Nf3 e6 3.g3 b6 4.Bg2 Bb7 5.c4 Bb4+ 6.Bd2 Bxd2+ 7.Qxd2 O-O 8.Nc3 Ne4
9.Qc2 Nxc3 10.Ng5 Qxg5 11.Bxb7 Nxe2 12.Qxe2 Nc6 13.Bxa8 Rxa8 14.Rd1 Qa5+
15.Kf1 Qxa2 16.d5 Na5 17.dxe6 dxe6 18.c5 Qc4 19.Qxc4 Nxc4 20.b3 Na5 21.Rd3 bxc5
22.Rc3 Nb7 23.Ke2 a5 24.Rd1 Kf8 25.f4 Ra6 26.g4 Ke7 27.Rdd3 h6 28.h4 Rb6
29.Re3 Kd7 30.Kf3 Rb4 31.Re5 Kd6 32.Rd3+ Ke7 33.f5 c4 34.bxc4 Rxc4 35.fxe6 fxe6
36.Ra3 Kd6 37.Rb5 Kc6 38.Re5 Kd6 39.Rb5 Nc5 40.Rbxa5 e5 41.Kg3 Ne4+ 42.Kf3 Nc5
43.Kg3 Ne4+ 44.Kf3 Nc5  1/2-1/2

[Event "New York op"]
[Site "New York"]
[Date "1997.??.??"]
[Round "?"]
[White "Rozentalis, Eduardas"]
[Black "Benjamin, Joel"]
[Result "1/2-1/2"]
[WhiteElo "2650"]
[BlackElo "2555"]

1.e4 c5 2.Nf3 d6 3.d4 Nf6 4.Nc3 cxd4 5.Qxd4 a6 6.Bg5 Nc6 7.Qd2 e6 8.O-O-O b5
9.a3 Bb7 10.Nd4 h6 11.Bxf6 Qxf6 12.Nxc6 Bxc6 13.f4 Qd8 14.Qd4 Rb8 15.Be2 Qb6
16.f5 Qxd4 17.Rxd4 h5 18.Rhd1 Be7 19.fxe6 fxe6 20.Rxd6 Bxd6 21.Rxd6 Rc8 22.Rxe6+ Kf7
23.Rd6 g6 24.g4 Rhd8 25.Rxd8 Rxd8 26.gxh5 gxh5 27.Bxh5+  1/2-1/2

[Event "New York op"]
[Site "New York"]
[Date "1997.??.??"]
[Round "?"]
[White "Benjamin, Joel"]
[Black "Burnett, Ronald"]
[Result "1-0"]
[WhiteElo "2555"]
[BlackElo "2435"]

1.d4 Nf6 2.c4 e6 3.Nf3 b6 4.a3 Bb7 5.Nc3 d5 6.Qc2 Be7 7.cxd5 exd5 8.g3 O-O
9.Bg2 c5 10.O-O Na6 11.Bf4 Nc7 12.Rad1 Ne6 13.Be5 Re8 14.dxc5 bxc5 15.Ne1 Ng4
16.Bxd5 Qc8 17.Nf3 Nxe5 18.Nxe5 Bf6 19.Ng4 Bxc3 20.Bxb7 Qxb7 21.bxc3 Ng5
22.f3 h5 23.Nf2 Re3 24.h4 Nh7 25.Ne4 Re8 26.Rd3 Rxd3 27.Qxd3 Qc7 28.Rd1 Qe5
29.Qd5 Nf6 30.Qxe5 Rxe5 31.Rd8+ Kh7 32.Nxf6+ gxf6 33.Kf2 c4 34.Rd7 Kg6 35.Rxa7 Rb5
36.Rc7 Rb3 37.Rxc4 Rxa3 38.Ke3 Rb3 39.Rc8 Ra3 40.Rc6 Rb3 41.Kf4 Rb1 42.c4 Rb2
43.Ke3 Rb1 44.Rc8 Kg7 45.c5 Rg1 46.Re8 Rd1 47.Re4  1-0

[Event "New York op"]
[Site "New York"]
[Date "1997.??.??"]
[Round "?"]
[White "Benjamin, Joel"]
[Black "Chernin, Alexander"]
[Result "1/2-1/2"]
[WhiteElo "2555"]
[BlackElo "2635"]

1.e4 d6 2.d4 Nf6 3.Nc3 g6 4.Nf3 Bg7 5.Be2 O-O 6.O-O Bg4 7.a4 Nc6 8.a5 a6
9.d5 Na7 10.h3 Bd7 11.Re1 e5 12.dxe6 Bxe6 13.Bf1 Re8 14.Bf4 Nd7 15.Qd2 Nc6
16.Nd5 Nde5 17.Nh2 Bxd5 18.exd5 Nd4 19.Bg5 f6 20.Bf4 Nf5 21.c3 Qd7 22.Qc2 Qf7
23.Rad1 Ne7 24.Bc1 g5 25.Be2 Rab8 26.c4 Qg6 27.Qxg6 hxg6 28.Nf3 Nf5 29.Kf1 Nxf3
30.Bxf3 Nh6 31.Be2 Nf7 32.Bd3 f5 33.Bc2 Ne5 34.Ba4 Rf8 35.b3 Bf6 36.Bb2 Kf7
37.Bd4 Rfd8 38.g3 f4 39.Kg2 f3+ 40.Kg1 Rh8 41.Bxe5 Bxe5 42.Bd7 Bc3 43.Re4 Bxa5
44.Rd3 Rhf8 45.Rxf3+ Kg8 46.Rxf8+  1/2-1/2

[Event "New York op"]
[Site "New York"]
[Date "1997.??.??"]
[Round "?"]
[White "Dolgitser, Konstantin"]
[Black "Benjamin, Joel"]
[Result "0-1"]
[WhiteElo "2270"]
[BlackElo "2555"]

1.c4 e5 2.Nc3 Bb4 3.Nd5 Bc5 4.e3 Nf6 5.b4 Nxd5 6.bxc5 Nf6 7.d4 exd4 8.exd4 O-O
9.Bd3 b6 10.cxb6 axb6 11.Ne2 d5 12.O-O Ba6 13.cxd5 Nxd5 14.Nf4 Nc6 15.Nxd5 Qxd5
16.Bxa6 Rxa6 17.Bf4 Ra7 18.Rc1 Rc8 19.Re1 h5 20.Be5 Rxa2 21.Qxh5 Nxe5 22.dxe5 c5
23.Rcd1 Rd2 24.Ra1 c4 25.Ra3 Rd3 26.Ra7 c3 27.Qg4 Qc4 28.Qf5 c2 29.e6 Qxe6
30.Qxe6 fxe6 31.Raa1 Rcd8 32.Kf1 Rd1  0-1

[Event "MCC-ch"]
[Site "New York"]
[Date "1997.??.??"]
[Round "1"]
[White "Benjamin, Joel"]
[Black "Cooke, Eric"]
[Result "1-0"]
[WhiteElo "2555"]
[BlackElo "2205"]

1.e4 e6 2.d4 d5 3.e5 c5 4.c3 Nc6 5.Nf3 Qb6 6.Be2 cxd4 7.cxd4 Nge7 8.Nc3 Nf5
9.Na4 Bb4+ 10.Kf1 Qd8 11.h4 Be7 12.h5 Nh4 13.Nxh4 Bxh4 14.Be3 h6 15.Rc1 Be7
16.Bd3 Nb4 17.Bb1 Bd7 18.a3 Na6 19.b4 Bb5+ 20.Kg1 Rc8 21.Nc3 Bc4 22.Qg4 Bf8
23.f4 Nc7 24.f5 Qd7 25.Rh3 a5 26.bxa5 Ra8 27.Bd2 Rxa5 28.Nxd5 Rxd5 29.Rxc4 b5
30.Rxc7 Qxc7 31.fxe6 Qc4 32.exf7+ Kd8 33.Ba5+ Ke7 34.Bb4+ Kd8 35.Qh4+ Kc7
36.Rc3  1-0

[Event "MCC-ch"]
[Site "New York"]
[Date "1997.??.??"]
[Round "2"]
[White "Ippolito, Dean"]
[Black "Benjamin, Joel"]
[Result "0-1"]
[WhiteElo "2280"]
[BlackElo "2555"]

1.d4 Nf6 2.c4 e6 3.g3 Bb4+ 4.Bd2 Qe7 5.Bg2 Nc6 6.Nf3 Bxd2+ 7.Nbxd2 d6 8.e4 O-O
9.O-O e5 10.d5 Nb8 11.Ne1 a5 12.Nd3 Bg4 13.f3 Bd7 14.b3 Na6 15.a3 c6 16.dxc6 Bxc6
17.Qc2 b5 18.Rfc1 Rfb8 19.Kh1 Nd7 20.Bf1 b4 21.axb4 Nxb4 22.Qc3 Nc5 23.Nxc5 dxc5
24.Be2 Rd8 25.Nf1 f5 26.exf5 e4 27.f6 gxf6 28.Re1 Qe5 29.Rac1 Na2 30.Qxe5 fxe5
31.Ra1 exf3 32.Bxf3 Bxf3+ 33.Kg1 Nb4 34.Rxe5 Nd3 35.Rg5+ Kh8 36.Nd2 Bc6  0-1

[Event "Europe vs Americas"]
[Site "Mermaid Beach"]
[Date "1998.01.28"]
[Round "3"]
[White "Relange, Eloi"]
[Black "Benjamin, Joel"]
[Result "1/2-1/2"]
[WhiteElo "2490"]
[BlackElo "2595"]

1.e4 e5 2.Nf3 Nc6 3.Bb5 a6 4.Ba4 Nf6 5.O-O Nxe4 6.d4 Be7 7.Re1 b5 8.Rxe4 d5
9.Nxe5 Nxe5 10.Rxe5 bxa4 11.b3 O-O 12.Rxe7 Qxe7 13.Ba3 Qg5 14.Bxf8 Bh3 15.Qf1 Kxf8
16.Nc3 Re8 17.Kh1 Qd2 18.Nxd5 Bxg2+ 19.Qxg2 Re1+ 20.Rxe1 Qxe1+ 21.Qg1 Qe4+  1/2-1/2

[Event "Europe vs Americas"]
[Site "Mermaid Beach"]
[Date "1998.01.29"]
[Round "4"]
[White "Benjamin, Joel"]
[Black "Peptan, Corina"]
[Result "1/2-1/2"]
[WhiteElo "2595"]
[BlackElo "2410"]

1.e4 c5 2.Nf3 Nc6 3.Bb5 g6 4.O-O Bg7 5.c3 Nf6 6.Re1 O-O 7.d4 cxd4 8.cxd4 d5
9.e5 Ne4 10.Nc3 Nxc3 11.bxc3 Na5 12.Ng5 h6 13.Nf3 Qc7 14.Bf4 Bf5 15.Qc1 g5
16.Be3 Nc4 17.Nd2 Nxe3 18.Rxe3 Rac8 19.Nf1 Qa5 20.Be2 Rc6 21.Ng3 Bg6 22.Qd2 Rfc8
23.Bh5 Rxc3 24.Rf1 Ra3 25.Qd1 e6 26.Bxg6 fxg6 27.Qg4 Rc6 28.h4 Rxe3 29.fxe3 Qd2
30.h5 Qxe3+ 31.Kh2 gxh5 32.Nxh5 Qe4 33.Rf4 Qe1 34.Nf6+ Bxf6 35.Rxf6 Qh4+
36.Qxh4 gxh4 37.Kh3 b5 38.Kxh4 Rc2 39.Kh5 Rxg2 40.Rxe6 Rxa2 41.Kg6 Kf8 42.Rf6+ Ke8
43.Re6+ Kd7 44.Kf7 Rf2+ 45.Rf6 Rxf6+ 46.exf6 b4 47.Kg7 b3 48.f7 b2 49.f8=Q b1=Q
50.Qf7+ Kc8 51.Qg8+ Kc7 52.Qf7+ Kb8  1/2-1/2

[Event "Europe vs Americas"]
[Site "Mermaid Beach"]
[Date "1998.01.31"]
[Round "6"]
[White "Benjamin, Joel"]
[Black "Mueller, Karsten"]
[Result "1-0"]
[WhiteElo "2595"]
[BlackElo "2515"]

1.e4 e6 2.d4 d5 3.Nd2 Nf6 4.e5 Nfd7 5.Bd3 b6 6.Nh3 Ba6 7.Bxa6 Nxa6 8.O-O Be7
9.c3 c5 10.Qg4 g6 11.Nf3 cxd4 12.cxd4 h6 13.Bd2 Rc8 14.Rfc1 Nab8 15.Rxc8 Qxc8
16.Nf4 h5 17.Qh3 Qb7 18.Rc1 Nf8 19.Ne2 Nh7 20.Qg3 Nc6 21.h4 Kd7 22.Qf4 Nd8
23.Nc3 a6 24.Na4 Bf8 25.a3 Be7 26.Rc3 Ke8 27.Be1 Nf8 28.Qc1 Kd7 29.Bd2 b5
30.Nc5+ Bxc5 31.Rxc5 Nc6 32.Kh1 Nh7 33.Bh6 Ne7 34.Bg7 Rg8 35.Qh6 Nf8 36.Bxf8 Nf5
37.Qd2 Rxf8 38.Ng5 Ke7 39.Qb4 Kd7 40.Nh7 Rc8 41.Nf6+ Kd8 42.Rxc8+ Qxc8 43.Qf8+ Kc7
44.Qxf7+ Kc6 45.Qxg6 Nxd4 46.Qd3 Nf5 47.Qc3+ Kb7 48.Qxc8+ Kxc8 49.g3 d4 50.Kg2 d3
51.Kf3 Kc7 52.Nxh5 Kc6 53.Nf4  1-0

[Event "Europe vs Americas"]
[Site "Mermaid Beach"]
[Date "1998.02.01"]
[Round "7"]
[White "Benjamin, Joel"]
[Black "Bezold, Michael"]
[Result "0-1"]
[WhiteElo "2595"]
[BlackElo "2490"]

1.e4 d6 2.d4 g6 3.Nc3 Bg7 4.h3 a6 5.a4 Nd7 6.Nf3 b6 7.Bc4 e6 8.Bg5 Ne7 9.Qd2 h6
10.Bf4 Bb7 11.O-O g5 12.Bg3 Ng6 13.Rfe1 O-O 14.d5 Qe7 15.Nd4 Bxd4 16.Qxd4 Nde5
17.Bb3 Kh7 18.Re3 Rae8 19.Ne2 a5 20.f4 gxf4 21.Nxf4 Nxf4 22.Bxf4 Ng6 23.Bg3 exd5
24.Bxd5 Bxd5 25.Qxd5 f5 26.Bh2 Qg7 27.Rf1 f4 28.Rc3 Re5 29.Qb7 Re7 30.Rf2 Rff7
31.Qd5 Re5 32.Qd4 d5 33.Rc6 dxe4 34.Rxg6 Kxg6 35.Bxf4 Ree7 36.Qd5 Qxb2 37.Bxh6 Qa1+
38.Kh2 Qe5+ 39.Qxe5 Rxe5 40.Rxf7 Kxf7 41.Be3 b5  0-1

[Event "New York op"]
[Site "New York"]
[Date "1998.03.16"]
[Round "1"]
[White "Jimenez, Paco"]
[Black "Benjamin, Joel"]
[Result "0-1"]
[WhiteElo "2265"]
[BlackElo "2595"]

1.Nf3 Nf6 2.c4 e6 3.Nc3 Bb4 4.g4 h6 5.Rg1 d6 6.g5 hxg5 7.Rxg5 g6 8.a3 Bxc3
9.bxc3 e5 10.c5 e4 11.Nd4 dxc5 12.Rxc5 Qd6 13.Qa4+ Bd7 14.Qb4 b6 15.Rc4 c5
16.Nb5 Qc6 17.Rxe4+ Kf8  0-1

[Event "New York op"]
[Site "New York"]
[Date "1998.03.16"]
[Round "2"]
[White "Benjamin, Joel"]
[Black "Waitzkin, Joshua"]
[Result "1-0"]
[WhiteElo "2595"]
[BlackElo "2465"]

1.e4 d5 2.exd5 Qxd5 3.Nc3 Qa5 4.d4 c6 5.Nf3 Bf5 6.Bc4 Nf6 7.Bd2 e6 8.Ne4 Qb6
9.Ng3 Bg4 10.Bb3 a5 11.c3 a4 12.Bxa4 Qxb2 13.Rb1 Qa3 14.Bb3 Bd6 15.h3 Bxg3
16.hxg4 Bc7 17.g5 Nd5 18.g6 fxg6 19.Ng5 Qe7 20.Qe2 Kd7 21.Kf1 h6 22.Re1 Re8
23.Bxd5 hxg5 24.Bb3 Qf6 25.Rh3 Ra5 26.Re3 e5 27.c4 Rh8 28.Qg4+ Qf5 29.Qxf5+ gxf5
30.Bxa5 Bxa5 31.Rd1 e4 32.f3 exf3 33.Rxf3 g6 34.Rh3 Rh5 35.Ke2 Bb6 36.c5 Bd8
37.Bf7 Rxh3 38.gxh3 Bf6 39.Kd3 Na6 40.Bxg6 f4 41.Bf5+ Kc7 42.Kc4 Kb8 43.d5 Nc7
44.dxc6 bxc6 45.Be4  1-0

[Event "New York op"]
[Site "New York"]
[Date "1998.03.17"]
[Round "3"]
[White "Shaked, Tal"]
[Black "Benjamin, Joel"]
[Result "1-0"]
[WhiteElo "2535"]
[BlackElo "2595"]

1.e4 e5 2.Nf3 Nc6 3.d4 exd4 4.Nxd4 Bc5 5.Nxc6 Qf6 6.Qd2 dxc6 7.Nc3 Ne7 8.Qf4 Be6
9.Qxf6 gxf6 10.Na4 Bb4+ 11.Bd2 Bxd2+ 12.Kxd2 O-O-O+ 13.Bd3 b6 14.Rae1 Ng6
15.Kc1 h5 16.g3 h4 17.f4 Bg4 18.Nc3 Rh7 19.Kd2 Rdh8 20.Rhg1 hxg3 21.hxg3 Rh2+
22.Ke3 Kb7 23.Be2 Bc8 24.Ref1 Ne7 25.f5 c5 26.Rf2 Nc6 27.Nd5 R2h6 28.Kf4 Kb8
29.Ne3 Ne5 30.Ng4 Nxg4 31.Bxg4 Bb7 32.Rd2 Bc6 33.Bf3 Kb7 34.g4 Rh2 35.Rxh2 Rxh2
36.Rg2 Rh1 37.g5 fxg5+ 38.Kxg5 Rf1 39.Kf4 Rb1 40.b3 Rb2 41.e5 Rxa2 42.e6 fxe6
43.f6 Bxf3 44.Kxf3 e5 45.f7  1-0